| 000 | 00473pab a2200157 454500 | ||
|---|---|---|---|
| 008 | 180718b2004 xxu||||| |||| 00| 0 eng d | ||
| 100 | _aRajesh Kumar | ||
| 245 | _aNational cultural values and the evolution of process and outcome discrepancies in international strategic alliances | ||
| 260 | _c2004 | ||
| 300 | _ap.344-61. | ||
| 362 | _aSep | ||
| 650 | _aCultural values | ||
| 700 | _aNti, Kofi O. | ||
| 773 | _aJournal of Applied Behavioral Science | ||
| 909 | _a62340 | ||
| 999 |
_c62340 _d62340 |
||